书目信息 |
| 题名: |
货币银行学通论
|
|
| 作者: | 万解秋 | |
| 分册: | ||
| 出版信息: | 上海 复旦大学出版社 |
|
| 页数: | 234 | |
| 开本: | 20cm | |
| 丛书名: | 大学管理类教材丛书 | |
| 单 册: | ||
| 中图分类: | F82 | |
| 科图分类: | ||
| 主题词: | 货币 | |
| 电子资源: | ||
| ISBN: | 7-309-02790-6 | |
| 000 | 00576nam0 2200217 450 | |
| 001 | 0734081268 | |
| 005 | 20071007092801.28 | |
| 010 | @a7-309-02790-6 | |
| 100 | @a20071007d km y0chiy0120 ea | |
| 101 | 0 | @achi |
| 200 | 1 | @a货币银行学通论@Ahuo bi yin hang xue tong lun@f万解秋@Fwan jie qiu |
| 205 | @a第二版 | |
| 210 | @a上海@c复旦大学出版社 | |
| 215 | @a234@d20cm | |
| 225 | 2 | @a大学管理类教材丛书 |
| 410 | 0 | @12001 @a大学管理类教材丛书 |
| 606 | 0 | @a货币 |
| 690 | @aF82@v3 | |
| 701 | 0 | @a万解秋@Awan jie qiu |
| 801 | 0 | @aCN@bPFT@c20071007 |
| 905 | @a213230@dF82@ea1@f1 | |
| 货币银行学通论/万解秋.-第二版.-上海:复旦大学出版社 |
| 234;20cm.-(大学管理类教材丛书) |
| ISBN 7-309-02790-6: |
| ● |
| 相关链接 |
|
|
|
|
正题名:货币银行学通论
索取号:F82/a1
 
预约/预借
| 序号 | 登录号 | 条形码 | 馆藏地/架位号 | 状态 | 备注 |
| 1 | 7505886 | 275058866 | 史法系资料室/ [索取号:F82/a1] | 在馆 |